Catálogo
 En Linea

La Era de Trujillo / (Registro nro. 21767)

Detalles MARC
000 -CABECERA
campo de control de longitud fija 01028nam a2200205 a 4500
001 - NÚMERO DE CONTROL
campo de control 000022269
005 - FECHA Y HORA DE LA ÚLTIMA TRANSACCIÓN
campo de control 20240409073640.0
008 - DATOS DE LONGITUD FIJA--INFORMACIÓN GENERAL
campo de control de longitud fija 100921t1992 dr acd 001 0dspa d
040 ## - FUENTE DE LA CATALOGACIÓN
Centro catalogador/agencia de origen DO-SdBNP
Lengua de catalogación spa
Centro/agencia transcriptor BNPHU
082 ## - NÚMERO DE LA CLASIFICACIÓN DECIMAL DEWEY
Número de clasificación 972.93053
Número de documento/Ítem F825e
100 1# - ENTRADA PRINCIPAL--NOMBRE DE PERSONA
Nombre de persona Franco, Franklin J.,
Fechas asociadas al nombre 1936-
9 (RLIN) 46020
245 13 - MENCIÓN DE TÍTULO
Título La Era de Trujillo /
Mención de responsabilidad, etc. Franklin J. Franco.
260 ## - PUBLICACIÓN, DISTRIBUCIÓN, ETC.
Lugar de publicación, distribución, etc. Santo Domingo :
Nombre del editor, distribuidor, etc. Fundación Cultural Dominicana,
Fecha de publicación, distribución, etc. 1992.
300 ## - DESCRIPCIÓN FÍSICA
Extensión 198 p. :
Otras características físicas il., gráfcs., retrs. ;
Dimensiones 23 cm.
500 ## - NOTA GENERAL
Nota general Incluye índice onomástico.
505 0# - NOTA DE CONTENIDO CON FORMATO
Información miscelánea Nota introductoria --
Título Antecedentes --
-- El gobierno de Horacio Vásquez --
-- El efímero gobierno de Estrella Ureña --
-- Trujillo inicia su mandato --
-- Hacia la consolidación de la dictadura --
-- El gobierno títere de Peynado y Troncoso --
-- Trujillo y las empresas azucareras --
-- Se inicia la crisis de la dictadura.
590 ## - NOTA LOCAL (RLIN)
Nota local Inventariado, 2019/BT
651 #4 - PUNTO DE ACCESO ADICIONAL DE MATERIA--NOMBRE GEOGRÁFICO
Nombre geográfico República Dominicana
Subdivisión general Política Y Gobierno
Subdivisión cronológica ERA DE TRUJILLO, 1930-1961
9 (RLIN) 1374
910 ## - DATOS DE OPCIÓN DEL USUARIO (OCLC)
Datos de opción del usuario Validado. Control de calidad. EMS
Existencias
Estado de retiro Estado de pérdida No para préstamo Código de colección Localización permanente Ubicación/localización actual Ubicación en estantería Fecha de adquisición Número de inventario Total de préstamos Signatura topográfica completa Código de barras Fecha visto por última vez Precio válido a partir de Tipo de ítem Koha Número de copia
    Excluido de préstamo Patrimonio Dominicano Patrimonio Dominicano Patrimonio Dominicano Depósito 21.09.2010 LF1   972.93053 F825e 22269-10 25.06.2020 25.06.2020 Libro y Folleto Colección Patrimonio Dominicano  
    Excluido de préstamo Patrimonio Dominicano Patrimonio Dominicano Patrimonio Dominicano Depósito 04.04.2018 LF1   972.93053 F825e 22269-20 25.06.2020 25.06.2020 Libro y Folleto Colección Patrimonio Dominicano e. 2

Con tecnología Koha